<?xml version="1.0" encoding="UTF-8"?>
<record
    xmlns:xsi="http://www.w3.org/2001/XMLSchema-instance"
    xsi:schemaLocation="http://www.loc.gov/MARC21/slim http://www.loc.gov/standards/marcxml/schema/MARC21slim.xsd"
    xmlns="http://www.loc.gov/MARC21/slim">

  <leader>01651nam a2200313 a 4500</leader>
  <controlfield tag="001">00003848</controlfield>
  <controlfield tag="003">DO-SdBNP</controlfield>
  <controlfield tag="005">20180312101303.0</controlfield>
  <controlfield tag="007">00003848</controlfield>
  <controlfield tag="008">091117s2004    dr ac         000 0 spa d</controlfield>
  <datafield tag="020" ind1=" " ind2=" ">
    <subfield code="a">9993498254 </subfield>
  </datafield>
  <datafield tag="040" ind1=" " ind2=" ">
    <subfield code="a">BNPHU</subfield>
    <subfield code="b">spa</subfield>
    <subfield code="c">BNPHU</subfield>
  </datafield>
  <datafield tag="092" ind1=" " ind2=" ">
    <subfield code="a">xxxx</subfield>
    <subfield code="b">E77</subfield>
  </datafield>
  <datafield tag="100" ind1="1" ind2=" ">
    <subfield code="a">Inch&#xE1;ustegui, Mar&#xED;a Isabel</subfield>
  </datafield>
  <datafield tag="245" ind1="0" ind2="0">
    <subfield code="a">Espa&#xF1;ol 2 :</subfield>
    <subfield code="b">educaci&#xF3;n b&#xE1;sica /</subfield>
    <subfield code="c">Mar&#xED;a Isabel Inch&#xE1;ustegui ; direcci&#xF3;n editorial Obdulia Garc&#xED;a de Escobar ; ilustraciones Ruddy N&#xFA;&#xF1;ez.</subfield>
  </datafield>
  <datafield tag="260" ind1=" " ind2=" ">
    <subfield code="a">Santo Domingo :</subfield>
    <subfield code="b">Santillana,</subfield>
    <subfield code="c">2004.</subfield>
  </datafield>
  <datafield tag="300" ind1=" " ind2=" ">
    <subfield code="a">176 p. : </subfield>
    <subfield code="b">il., retrs. ;</subfield>
    <subfield code="c">28 cm.</subfield>
  </datafield>
  <datafield tag="490" ind1="1" ind2=" ">
    <subfield code="a">&#xC1;mbar</subfield>
  </datafield>
  <datafield tag="500" ind1=" " ind2=" ">
    <subfield code="a">Cada volumen esta compuesto, por una gu&#xED;a did&#xE1;ctica, cuaderno de espa&#xF1;ol y ortograf&#xED;a.</subfield>
  </datafield>
  <datafield tag="500" ind1=" " ind2=" ">
    <subfield code="a">La biblioteca solamente posee, las gu&#xED;as de los volumenes 1, 3, 7, y el cuaderno de trabajo del v. 7</subfield>
  </datafield>
  <datafield tag="505" ind1="0" ind2=" ">
    <subfield code="g">v. 2 :</subfield>
    <subfield code="g">unidad 1 --</subfield>
    <subfield code="t">Ni&#xF1;as y ni&#xF1;os --</subfield>
    <subfield code="g">unidad 2 --</subfield>
    <subfield code="t">Un d&#xED;a de excursi&#xF3;n --</subfield>
    <subfield code="g">unidad 3 --</subfield>
    <subfield code="t">El sue&#xF1;o de Alfredo --</subfield>
    <subfield code="g">unidad 4 --</subfield>
    <subfield code="t">Nos mudamos --</subfield>
    <subfield code="g">unidad 5 --</subfield>
    <subfield code="t">Un l&#xED;o en la calle --</subfield>
    <subfield code="g">unidad 6 --</subfield>
    <subfield code="t">Lleg&#xF3; la navidad --</subfield>
    <subfield code="g">unidad 7 --</subfield>
    <subfield code="t">El paletero del barrio --</subfield>
    <subfield code="g">unidad 8 --</subfield>
    <subfield code="t">Vamos a Saman&#xE1; --</subfield>
    <subfield code="g">unidad 9 --</subfield>
    <subfield code="t">&#xA1;A divertirse! --</subfield>
    <subfield code="g">unidad 10 --</subfield>
    <subfield code="t">Muchos oficios --</subfield>
    <subfield code="g">unidad 11 --</subfield>
    <subfield code="t">&#xBF;Qu&#xE9; vas a comprar? --</subfield>
    <subfield code="g">unidad 12 --</subfield>
    <subfield code="t">La avenida del Puerto --</subfield>
    <subfield code="g">unidad 13 --</subfield>
    <subfield code="t">En el fondo del mar --</subfield>
    <subfield code="g">unidad 14 --</subfield>
    <subfield code="t">El campo y la ciudad --</subfield>
  </datafield>
  <datafield tag="700" ind1="1" ind2=" ">
    <subfield code="a">Garc&#xED;a Cartagena, Manuel</subfield>
  </datafield>
  <datafield tag="700" ind1="1" ind2=" ">
    <subfield code="a">Garc&#xED;a de Escobar, Obdulia, </subfield>
    <subfield code="e">ed.</subfield>
  </datafield>
  <datafield tag="700" ind1="1" ind2=" ">
    <subfield code="a">N&#xFA;&#xF1;ez, Ruddy,</subfield>
    <subfield code="e">il.</subfield>
  </datafield>
  <datafield tag="830" ind1=" " ind2="0">
    <subfield code="a">&#xC1;mbar</subfield>
  </datafield>
  <datafield tag="942" ind1=" " ind2=" ">
    <subfield code="2">ddc</subfield>
    <subfield code="c">BK</subfield>
  </datafield>
  <datafield tag="945" ind1=" " ind2=" ">
    <subfield code="a">Remanejado para la BNPHU / 2018 VM</subfield>
  </datafield>
  <datafield tag="952" ind1=" " ind2=" ">
    <subfield code="0">0</subfield>
    <subfield code="1">0</subfield>
    <subfield code="2">ddc</subfield>
    <subfield code="4">0</subfield>
    <subfield code="7">0</subfield>
    <subfield code="8">CE</subfield>
    <subfield code="a">BPMET</subfield>
    <subfield code="b">BPMET</subfield>
    <subfield code="d">2016-04-12</subfield>
    <subfield code="e">Donaci&#xF3;n</subfield>
    <subfield code="l">0</subfield>
    <subfield code="p">BPMSU16040362</subfield>
    <subfield code="r">2016-04-12</subfield>
    <subfield code="w">2016-04-12</subfield>
    <subfield code="y">BK</subfield>
  </datafield>
  <datafield tag="956" ind1=" " ind2=" ">
    <subfield code="a">LOPEREZ</subfield>
    <subfield code="b">10</subfield>
    <subfield code="c">20160412</subfield>
    <subfield code="l">BPMSU</subfield>
    <subfield code="h">00151</subfield>
  </datafield>
  <datafield tag="999" ind1=" " ind2=" ">
    <subfield code="c">9715</subfield>
    <subfield code="d">9715</subfield>
  </datafield>
</record>
